<?xml version="1.0" encoding="UTF-8"?>
<collection xmlns="http://www.loc.gov/MARC21/slim">
 <record>
  <leader>01636nab a2200217 i 4500</leader>
  <controlfield tag="001">acta67004</controlfield>
  <controlfield tag="005">20230509135058.0</controlfield>
  <controlfield tag="008">200512s2017    hu      o     0||   eng d</controlfield>
  <datafield tag="022" ind1=" " ind2=" ">
   <subfield code="a">1416-7972</subfield>
  </datafield>
  <datafield tag="040" ind1=" " ind2=" ">
   <subfield code="a">SZTE Egyetemi Kiadványok Repozitórium</subfield>
   <subfield code="b">hun</subfield>
  </datafield>
  <datafield tag="041" ind1=" " ind2=" ">
   <subfield code="a">eng</subfield>
  </datafield>
  <datafield tag="100" ind1="1" ind2=" ">
   <subfield code="a">Frauhammer Krisztina</subfield>
  </datafield>
  <datafield tag="245" ind1="1" ind2="0">
   <subfield code="a">Prayer in the trenches </subfield>
   <subfield code="h">[elektronikus dokumentum] :</subfield>
   <subfield code="b">prayer books for doldiers on the Hungarian fronts in the First World War /</subfield>
   <subfield code="c"> Frauhammer Krisztina</subfield>
  </datafield>
  <datafield tag="260" ind1=" " ind2=" ">
   <subfield code="c">2017</subfield>
  </datafield>
  <datafield tag="300" ind1=" " ind2=" ">
   <subfield code="a">88-104</subfield>
  </datafield>
  <datafield tag="490" ind1="0" ind2=" ">
   <subfield code="a">Religion, culture, society</subfield>
   <subfield code="v">4</subfield>
  </datafield>
  <datafield tag="520" ind1="3" ind2=" ">
   <subfield code="a">The study analyses prayer books for Catholic soldiers published in Hungary during the First World War. We know of close to twenty such books that appeared in numerous editions. Prayer sheets and hand-copied prayer texts with magical functions (prayers against bullets) have also been found. Drawing on these and contemporary press materials it reconstructs religious life on the fronts and in particular the practice and function of prayer. The study also examines veneration of the Sacred Heart that played a big part in wartime pastoral activity, seeking an answer to the question of how that cult was able to become a source of spiritual strength for soldiers. In addition it looks at the opinion of the church on war and the Christian soldier as reflected in the books and prayers.</subfield>
  </datafield>
  <datafield tag="650" ind1=" " ind2="4">
   <subfield code="a">Bölcsészettudományok</subfield>
  </datafield>
  <datafield tag="650" ind1=" " ind2="4">
   <subfield code="a">Filozófia, etika és vallástudományok</subfield>
  </datafield>
  <datafield tag="695" ind1=" " ind2=" ">
   <subfield code="a">Katolikus egyház - imakönyvek - katonák számára - 1. Világháború</subfield>
  </datafield>
  <datafield tag="856" ind1="4" ind2="0">
   <subfield code="u">http://acta.bibl.u-szeged.hu/67004/1/religion_culture_society_004_088-104.pdf</subfield>
   <subfield code="z">Dokumentum-elérés </subfield>
  </datafield>
 </record>
</collection>
